00414nam a2200169Ia 4500003000400000005001700004008004100021020001500062040000700077041000800084082001600092100002600108245004800134260003300182300001600215365001300231OSt20220616110810.0210423s2009 xx 000 0 und d a9788654210 cAL aeng a658.15 SINP aSINHA (Pradip Kumar). aFinancial management: tools and techniques. aNew DelhibExcel Booksc2009 axii,855bPB b395cINR